Statistics for Top 20 Countries with Ali as Surname

Click here to take the quiz!

General Stats

  • This quiz has been taken 57 times
  • The average score is 20 of 24

Answer Stats

# PeopleCountry% Correct
299,798Saudi Arabia
98%
10,946,208Pakistan
94%
5,119,011India
94%
1,221,964Iraq
94%
470,706Iran
94%
1,269,697Egypt
93%
1,305,369Sudan
89%
309,106Libya
89%
332,849United Arab Emirates
89%
679,214Syria
87%
384,461Afghanistan
87%
198,278Indonesia
85%
950,994Yemen
83%
2,203,299Bangladesh
83%
201,328Oman
83%
255,680Niger
81%
1,139,239Somalia
81%
383,452Ethiopia
80%
1,145,538Nigeria
78%
192,663Chad
78%
112,357Malaysia
67%
268,460Kenya
63%
194,872Eritrea
59%
199,139Tanzania
56%

Score Distribution

Percentile by Number Answered

Percent of People with Each Score

Your Score History

You have not taken this quiz